[Event "CZE-chT2C 1617"]
[Site "Czech Republic"]
[Date "2017.01.15"]
[Round "6.6"]
[White "Fencl, Pavel"]
[Black "Soucek, Milan"]
[Result "1/2-1/2"]
[WhiteElo "2049"]
[BlackElo "2039"]
[PlyCount "50"]
[EventDate "2016.10.09"]
[EventType "team-tourn"]
[EventRounds "11"]
[EventCountry "CZE"]
[SourceTitle "EXT 2022"]
[Source "ChessBase"]
[SourceDate "2021.10.06"]
[SourceVersion "1"]
[SourceVersionDate "2021.10.06"]
[SourceQuality "1"]
[WhiteTeam "Lysa nad Labem IV"]
[BlackTeam "Kolin"]
[WhiteTeamCountry "CZE"]
[BlackTeamCountry "CZE"]

1. c4 e5 2. Nc3 Nf6 3. g3 d5 4. cxd5 Nxd5 5. Bg2 Nb6 6. d3 Be7 7. Nf3 Nc6 8. a3 Be6 9. 0-0 0-0 10. b4 a5 11. b5 Nd4 12. Rb1 Nxf3+ 13. Bxf3 Nd5 14. Qc2 Rc8 15. Bb2 c6 16. Nxd5 cxd5 17. Qa4 f6 18. Rfc1 Rc5 19. Rxc5 Bxc5 20. d4 exd4 21. Bxd4 Bxd4 22. Qxd4 Qd7 23. Qb6 a4 24. Qa5 Rc8 25. Qxa4 Rc4 1/2-1/2

[Event "CZE-chT2C 1516"]
[Site "Czech Republic"]
[Date "2016.04.17"]
[Round "11.7"]
[White "Soucek, Milan"]
[Black "Matejovsky, Ondrej"]
[Result "1/2-1/2"]
[WhiteElo "2055"]
[BlackElo "1995"]
[PlyCount "41"]
[EventDate "2015.10.18"]
[EventType "team-tourn"]
[EventRounds "11"]
[EventCountry "CZE"]
[SourceTitle "EXT 2022"]
[Source "ChessBase"]
[SourceDate "2021.10.06"]
[SourceVersion "1"]
[SourceVersionDate "2021.10.06"]
[SourceQuality "1"]
[WhiteTeam "Kolin"]
[BlackTeam "Svetla nad Sazavou"]
[WhiteTeamCountry "CZE"]
[BlackTeamCountry "CZE"]

1. e4 e5 2. d4 d6 3. Nf3 exd4 4. Nxd4 Be7 5. Nc3 Nc6 6. Bc4 Bf6 7. Be3 Nge7 8. 0-0 0-0 9. f4 Nxd4 10. Bxd4 Bxd4+ 11. Qxd4 Be6 12. Bd3 Nc6 13. Qe3 f6 14. a3 Qd7 15. Rf3 Rae8 16. Qf2 Qf7 17. b3 Kh8 18. f5 Bc8 19. Bc4 Qe7 20. Rh3 h6 21. Bd3 1/2-1/2

[Event "CZE-chT2C 1415"]
[Site "Czech Republic"]
[Date "2015.01.11"]
[Round "5.7"]
[White "Bilek, Martin"]
[Black "Soucek, Milan"]
[Result "1-0"]
[WhiteElo "1999"]
[BlackElo "2071"]
[PlyCount "51"]
[EventDate "2014.11.02"]
[EventType "team-tourn"]
[EventRounds "11"]
[EventCountry "CZE"]
[SourceTitle "EXT 2022"]
[Source "ChessBase"]
[SourceDate "2021.10.06"]
[SourceVersion "1"]
[SourceVersionDate "2021.10.06"]
[SourceQuality "1"]
[WhiteTeam "Praha Oaza"]
[BlackTeam "Kolin"]
[WhiteTeamCountry "CZE"]
[BlackTeamCountry "CZE"]

1. b3 e5 2. Bb2 Nc6 3. e3 d5 4. Bb5 Bd6 5. f4 Qe7 6. Nf3 f6 7. fxe5 Bc5 8. d4 Bb6 9. Ba3 Qe6 10. c4 a6 11. cxd5 Qxd5 12. Nc3 Qf7 13. Bxc6+ bxc6 14. 0-0 Bg4 15. h3 Bh5 16. Qd3 Bg6 17. Qe2 Ne7 18. Ng5 Qg8 19. exf6 gxf6 20. Rxf6 h6 21. Re6 c5 22. Qf3 Kd7 23. Nd5 hxg5 24. Rxe7+ Kd6 25. Qf6+ Kxd5 26. dxc5 1-0

[Event "CZE-chT2C 1415"]
[Site "Czech Republic"]
[Date "2014.11.30"]
[Round "3.6"]
[White "Soucek, Milan"]
[Black "Ambroz, Antonin"]
[Result "1-0"]
[WhiteElo "2071"]
[BlackElo "2011"]
[PlyCount "53"]
[EventDate "2014.11.02"]
[EventType "team-tourn"]
[EventRounds "11"]
[EventCountry "CZE"]
[SourceTitle "EXT 2022"]
[Source "ChessBase"]
[SourceDate "2021.10.06"]
[SourceVersion "1"]
[SourceVersionDate "2021.10.06"]
[SourceQuality "1"]
[WhiteTeam "Kolin"]
[BlackTeam "Praha Bohemians II"]
[WhiteTeamCountry "CZE"]
[BlackTeamCountry "CZE"]

1. e4 e5 2. Nf3 Nc6 3. d4 exd4 4. Nxd4 Nf6 5. Nxc6 bxc6 6. e5 Qe7 7. Qe2 Nd5 8. c4 Ba6 9. b3 g6 10. f4 Bg7 11. Qf2 Nf6 12. Be2 Ne4 13. Qe3 f5 14. Nd2 d5 15. Nxe4 dxe4 16. 0-0 Kf7 17. Bb2 Bc8 18. Bd4 Qb4 19. Bxa7 Be6 20. Bc5 Qb7 21. Rfd1 Ra6 22. Qf2 Rha8 23. Qh4 Re8 24. Rd8 Ra8 25. Rad1 Raxd8 26. Rxd8 Rxd8 27. Qe7+ 1-0

[Event "CZE-chT2C 1415"]
[Site "Czech Republic"]
[Date "2014.11.02"]
[Round "1.6"]
[White "Soucek, Milan"]
[Black "Rut, Vojtech"]
[Result "1-0"]
[WhiteElo "2071"]
[BlackElo "2083"]
[PlyCount "63"]
[EventDate "2014.11.02"]
[EventType "team-tourn"]
[EventRounds "11"]
[EventCountry "CZE"]
[SourceTitle "EXT 2022"]
[Source "ChessBase"]
[SourceDate "2021.10.06"]
[SourceVersion "1"]
[SourceVersionDate "2021.10.06"]
[SourceQuality "1"]
[WhiteTeam "Kolin"]
[BlackTeam "Vysehrad II"]
[WhiteTeamCountry "CZE"]
[BlackTeamCountry "CZE"]

1. e4 c5 2. d4 cxd4 3. c3 dxc3 4. Nxc3 Nc6 5. Nf3 d6 6. Bc4 a6 7. 0-0 Nf6 8. Qe2 Bg4 9. Rd1 e6 10. h3 Bxf3 11. Qxf3 Ne5 12. Qe2 Nxc4 13. Qxc4 Rc8 14. Qb3 Qc7 15. Bf4 b5 16. Rac1 Qb7 17. a4 b4 18. a5 Be7 19. Qa4+ Nd7 20. Na2 Rxc1 21. Rxc1 b3 22. Nb4 0-0 23. Nxa6 Rc8 24. Rxc8+ Qxc8 25. Qb5 Bf6 26. Nb4 Bxb2 27. a6 Bd4 28. Nc6 Bf6 29. a7 b2 30. e5 dxe5 31. Qxb2 exf4 32. Qxf6 1-0

[Event "CZE-chT2C 1112"]
[Site "Czech Republic"]
[Date "2012.01.08"]
[Round "5.8"]
[White "Stejskal, Pavel"]
[Black "Soucek, Milan"]
[Result "0-1"]
[WhiteElo "2049"]
[BlackElo "2186"]
[PlyCount "58"]
[EventDate "2011.10.09"]
[EventType "team-tourn"]
[EventRounds "11"]
[EventCountry "CZE"]
[SourceTitle "EXT 2013"]
[Source "ChessBase"]
[SourceDate "2012.11.22"]
[SourceVersion "1"]
[SourceVersionDate "2012.11.22"]
[SourceQuality "1"]
[WhiteTeam "Kobylisy"]
[BlackTeam "Kolin"]
[WhiteTeamCountry "CZE"]
[BlackTeamCountry "CZE"]

1. d4 e5 2. d5 Bc5 3. Nc3 Nf6 4. e4 d6 5. Bg5 h6 6. Bh4 Bb4 7. Bd3 Bxc3+ 8. bxc3 0-0 9. Ne2 Nbd7 10. 0-0 Nc5 11. f3 Bd7 12. Qd2 a5 13. Bf2 c6 14. dxc6 bxc6 15. Bc4 Be6 16. Bxe6 Nxe6 17. c4 d5 18. cxd5 cxd5 19. exd5 Nxd5 20. Rfd1 Ndf4 21. Nxf4 Nxf4 22. Bg3 Qc7 23. Bxf4 exf4 24. Qd6 Qxc2 25. Qxf4 Rfd8 26. Rdc1 Qd2 27. Qe4 Re8 28. Qc6 Rad8 29. Rd1 Qe3+ 0-1

[Event "Sunny Beach op 10th"]
[Site "Sunny Beach"]
[Date "2011.09.04"]
[Round "9"]
[White "Soucek, Milan"]
[Black "Smirnova, Anastasia"]
[Result "1/2-1/2"]
[WhiteElo "2186"]
[BlackElo "1990"]
[PlyCount "71"]
[EventDate "2011.08.27"]
[EventType "swiss"]
[EventRounds "9"]
[EventCountry "BUL"]
[SourceTitle "CBM 144 Extra"]
[Source "ChessBase"]
[SourceDate "2011.10.28"]
[SourceVersion "1"]
[SourceVersionDate "2011.10.28"]
[SourceQuality "1"]

1. e4 e5 2. Nf3 d6 3. d4 exd4 4. Nxd4 Nf6 5. Nc3 Be7 6. Bd3 0-0 7. Be3 Re8 8. Qd2 a6 9. 0-0 Bf8 10. Bg5 h6 11. Bh4 Nxe4 12. Qf4 Ng5 13. Rae1 Rxe1 14. Rxe1 d5 15. Re5 Bd6 16. Rxd5 Qe7 17. Qe3 Qxe3 18. fxe3 Be6 19. Nxe6 fxe6 20. Rd4 Nc6 21. Ra4 Nh7 22. Be4 g5 23. Bf2 Nf6 24. Bxc6 bxc6 25. Rc4 c5 26. Ne4 Nxe4 27. Rxe4 Kf7 28. Be1 Rd8 29. Bc3 Be7 30. Ra4 Rd1+ 31. Kf2 Rc1 32. Rxa6 Rxc2+ 33. Kf3 g4+ 34. Kxg4 Rxg2+ 35. Kf3 Rxh2 36. Ra7 1/2-1/2

[Event "Sunny Beach op 10th"]
[Site "Sunny Beach"]
[Date "2011.08.29"]
[Round "3"]
[White "Soucek, Milan"]
[Black "Doncea, Vladimir"]
[Result "0-1"]
[WhiteElo "2186"]
[BlackElo "2388"]
[PlyCount "96"]
[EventDate "2011.08.27"]
[EventType "swiss"]
[EventRounds "9"]
[EventCountry "BUL"]
[SourceTitle "CBM 144 Extra"]
[Source "ChessBase"]
[SourceDate "2011.10.28"]
[SourceVersion "1"]
[SourceVersionDate "2011.10.28"]
[SourceQuality "1"]

1. e4 c5 2. d4 cxd4 3. c3 dxc3 4. Nxc3 Nc6 5. Nf3 e6 6. Bc4 a6 7. 0-0 Nge7 8. Qe2 Ng6 9. Rd1 b5 10. Bb3 Bb7 11. Be3 Be7 12. Rac1 0-0 13. a3 Rc8 14. Qd2 Na5 15. Ba2 Nc4 16. Bxc4 Rxc4 17. Qxd7 Qa8 18. Bg5 Bc6 19. Qd3 Bxg5 20. Nxg5 h6 21. b3 Nf4 22. Qe3 Rxc3 23. Rxc3 hxg5 24. f3 b4 25. axb4 Bb5 26. Rc2 e5 27. Rcd2 f6 28. Qb6 Qb8 29. Qxb8 Rxb8 30. Kf2 Rb7 31. g3 Ne6 32. Rc1 Kf7 33. Ke3 Ke7 34. Rd5 Nd4 35. Rc3 Bc6 36. Rdc5 Ke6 37. Ra5 Bb5 38. Ra1 Be2 39. Ra2 Bf1 40. Ra1 Bb5 41. Ra2 Nc6 42. Rc1 Nxb4 43. Rd2 Ke7 44. f4 gxf4+ 45. gxf4 exf4+ 46. Kf3 g5 47. h4 Nd3 48. Rh1 Rd7 0-1

[Event "Sunny Beach op 10th"]
[Site "Sunny Beach"]
[Date "2011.08.28"]
[Round "2"]
[White "Soucek, Milan"]
[Black "Quillan, Gary"]
[Result "1/2-1/2"]
[WhiteElo "2186"]
[BlackElo "2398"]
[PlyCount "107"]
[EventDate "2011.08.27"]
[EventType "swiss"]
[EventRounds "9"]
[EventCountry "BUL"]
[SourceTitle "CBM 144 Extra"]
[Source "ChessBase"]
[SourceDate "2011.10.28"]
[SourceVersion "1"]
[SourceVersionDate "2011.10.28"]
[SourceQuality "1"]

1. e4 e6 2. d4 d5 3. Nd2 Nf6 4. e5 Nfd7 5. Bd3 c5 6. c3 Nc6 7. Ne2 cxd4 8. cxd4 f6 9. exf6 Nxf6 10. Nf3 Bd6 11. 0-0 Qc7 12. Bg5 0-0 13. Bh4 Nh5 14. Qc2 h6 15. Bh7+ Kh8 16. Bg6 Rxf3 17. gxf3 Bxh2+ 18. Kg2 Nf4+ 19. Nxf4 Qxf4 20. Bg3 Bxg3 21. fxg3 Qf6 22. Rad1 Bd7 23. f4 Rc8 24. Qd3 Nb4 25. Qb1 Rc4 26. a3 Nc6 27. f5 e5 28. dxe5 Nxe5 29. Rc1 Bc6 30. Rxc4 dxc4+ 31. Kh3 Nd3 32. b3 Qc3 33. Qa2 cxb3 34. Qe2 Qc2 35. Qxc2 bxc2 36. f6 c1Q 37. Rxc1 Nf2+ 38. Kh4 gxf6 39. Rf1 Kg7 40. Bf5 Ne4 41. Bxe4 Bxe4 42. Re1 Bc6 43. Kh5 Bf3+ 44. Kh4 Kg6 45. Re7 Bc6 46. a4 a5 47. Rc7 Bxa4 48. Rxb7 Bd1 49. Ra7 a4 50. g4 Bb3 51. Ra5 Bc2 52. Ra7 Bd1 53. Ra5 Bb3 54. Ra7 1/2-1/2

[Event "CZE-chT2C 1011"]
[Site "Czech Republic"]
[Date "2011.03.27"]
[Round "10.3"]
[White "Soucek, Milan"]
[Black "Mejzlik, Ondrej"]
[Result "1/2-1/2"]
[WhiteElo "2185"]
[BlackElo "2225"]
[PlyCount "80"]
[EventDate "2010.10.17"]
[EventType "team-tourn"]
[EventRounds "11"]
[EventCountry "CZE"]
[SourceTitle "EXT 2012"]
[Source "ChessBase"]
[SourceDate "2011.11.24"]
[SourceVersion "1"]
[SourceVersionDate "2011.11.24"]
[SourceQuality "1"]
[WhiteTeam "Kolin"]
[BlackTeam "Vlasim"]
[WhiteTeamCountry "CZE"]
[BlackTeamCountry "CZE"]

1. e4 c6 2. d3 d5 3. Qe2 e6 4. Nf3 Nf6 5. Bg5 Be7 6. Nbd2 0-0 7. h4 c5 8. e5 Nfd7 9. Bxe7 Qxe7 10. c3 Nc6 11. g3 b5 12. h5 b4 13. h6 g6 14. Bg2 bxc3 15. bxc3 Ba6 16. 0-0 Rab8 17. Rab1 Rfc8 18. Rfe1 Qd8 19. c4 Rxb1 20. Rxb1 Nb6 21. cxd5 Qxd5 22. Ne4 Nd7 23. Qb2 Qxd3 24. Nfg5 Qd4 25. Qxd4 Nxd4 26. f4 Rf8 27. Kf2 Bd3 28. Rb7 Bxe4 29. Nxe4 Nb6 30. Rxa7 Nf5 31. Nxc5 Nxh6 32. a4 Rc8 33. a5 Nd5 34. Bxd5 Rxc5 35. Bf3 Rc2+ 36. Ke1 Rc3 37. Kf2 Nf5 38. Ra8+ Kg7 39. a6 Ra3 40. a7 Ra2+ 1/2-1/2

[Event "Pardubice op rap 21st"]
[Site "Pardubice"]
[Date "2010.07.21"]
[Round "1"]
[White "Rakhmanov, Alexander"]
[Black "Soucek, Milan"]
[Result "1-0"]
[WhiteElo "2590"]
[BlackElo "2185"]
[PlyCount "81"]
[EventDate "2010.07.21"]
[EventType "swiss (rapid)"]
[EventRounds "9"]
[EventCountry "CZE"]
[SourceTitle "CBM 137 Extra"]
[Source "ChessBase"]
[SourceDate "2010.09.01"]
[SourceVersion "1"]
[SourceVersionDate "2010.09.01"]
[SourceQuality "1"]

1. d4 Nf6 2. Nf3 e6 3. Bg5 Be7 4. Nbd2 d5 5. e3 0-0 6. Bd3 h6 7. Bf4 c5 8. c3 Nc6 9. Ne5 cxd4 10. exd4 Nxe5 11. dxe5 Nd7 12. Qg4 Bg5 13. Bg3 Bxd2+ 14. Kxd2 Nc5 15. Bc2 Ne4+ 16. Ke1 Qb6 17. Rb1 Bd7 18. Bh4 f5 19. exf6 Nxf6 20. Qe2 Rae8 21. f3 e5 22. Bf2 Qa5 23. b4 Qc7 24. Bc5 e4 25. f4 b6 26. Bxf8 Qxc3+ 27. Qd2 Qxd2+ 28. Kxd2 Kxf8 29. Ke3 Ng4+ 30. Kd4 e3 31. Rhe1 Nxh2 32. Rxe3 Rxe3 33. Kxe3 Ng4+ 34. Kd4 Nf6 35. Bb3 Bf5 36. Rc1 Be4 37. g3 Ne8 38. Bxd5 Bf5 39. Ke5 Nf6 40. Kxf5 Nxd5 41. Ke6 1-0

[Event "CZE-chT2C 0809"]
[Site "Czech Republic"]
[Date "2009.04.05"]
[Round "11.6"]
[White "Soucek, Milan"]
[Black "Vesely, Tomas"]
[Result "1/2-1/2"]
[WhiteElo "2160"]
[BlackElo "2113"]
[PlyCount "37"]
[EventDate "2008.10.12"]
[EventType "tourn"]
[EventRounds "11"]
[EventCountry "CZE"]
[SourceTitle "EXT 2010"]
[Source "ChessBase"]
[SourceDate "2010.11.25"]
[SourceVersion "1"]
[SourceVersionDate "2010.11.25"]
[SourceQuality "1"]
[WhiteTeam "Kolin"]
[BlackTeam "Rapid"]
[WhiteTeamCountry "CZE"]
[BlackTeamCountry "CZE"]

1. e4 c5 2. d4 cxd4 3. c3 Nf6 4. e5 Nd5 5. Nf3 Nc6 6. Bc4 Nb6 7. Bb3 d5 8. exd6 Qxd6 9. 0-0 Bf5 10. cxd4 e6 11. Re1 Be7 12. Nc3 0-0 13. d5 Nxd5 14. Bxd5 exd5 15. Bf4 Qxf4 16. Nxd5 Qh6 17. Nxe7+ Nxe7 18. Rxe7 Qb6 19. Qd4 1/2-1/2